000 00479nam a2200193Ia 4500
003 GCL
008 140319s9999 xx 000 0 eng d
040 _aGCL /
_cGCL
082 0 4 _a759
_bB L
100 1 _aBOUSSEL, PATTRICE
245 1 0 _aLEONARDO DAVINCI /
_cBOUSSEL, PATTRICE
260 _a[S.N] :
_bTIGER BOOKS INTERNATIONAL
300 _a200
650 0 4 _aPAINTING
650 0 4 _aPAINTERS
650 0 4 _aITALY - PAINTING
650 0 4 _aDAVINCI, LEONARDO
942 _2ddc
_cBK
999 _c18193
_d18193